| 000 | 01797nam0a2200421 4500 | ||
|---|---|---|---|
| 001 | RU\NLR\bibl\343197 | ||
| 005 | 20260407065741.0 | ||
| 010 |
_a5-88874-306-2 _9300 |
||
| 021 |
_aRU _b2002-45380 _92198 |
||
| 035 | _a(NLR Aleph) 000338040 | ||
| 090 |
_a198803 _c198803 |
||
| 100 | _a20021121d2002 |||y0rusy50 ca | ||
| 101 | 0 | _arus | |
| 102 | _aRU | ||
| 105 | _aa ||||||||| | ||
| 200 | 1 |
_aВислинская (Балтийская) коса _eПотенциал возможностей _fИ. И. Волкова, В. С. Корнеевец, Г. М. Федоров _gПод ред. Г. М. Федорова _gКалинингр. гос. ун-т |
|
| 210 |
_aКалининград _cИзд-во Калинингр. госун-та _d2002 |
||
| 215 |
_a71 с. _cил. _d21 |
||
| 320 | _aБиблиогр.: с. 60-65 | ||
| 606 | 1 |
_aПриродные ресурсы _yВислинская коса _92270368 _3RU\NLR\auth\661360810 |
|
| 610 | 0 | _aПриродные ресурсы | |
| 610 | 0 | _aСоциальное развитие | |
| 610 | 0 | _aЭкономика | |
| 675 |
_a504.03(470.26) _v3 _zrus |
||
| 686 |
_a87 _2rugasnti |
||
| 686 |
_a20.1 _2rubbk |
||
| 686 | _aД829(2Р31-4К) | ||
| 686 | _aУ04(2Р-4К)1 | ||
| 700 | 1 |
_4070 _8rus _7ca _aВолкова _bИ. И. _cканд. геогр. наук _gИрина Игоревна _3RU\NLR\auth\7793950 _976876 |
|
| 701 | 1 |
_aКорнеевец _bВ. С. _gВалентин Сергеевич _4070 |
|
| 701 | 1 |
_4070 _8rus _7ca _aФедоров _bГ. М. _cд-р геогр. наук _f1949-2024 _gГеннадий Михайлович _3RU\NLR\AUTH\7716525 _9126163 |
|
| 801 | 0 |
_aRU _bRKP _c20021121 _gPSBO |
|
| 801 | 1 |
_aRU _bRKP _c20021121 |
|
| 801 | 2 |
_aRU _bNLR _c20110221 _grcr |
|
| 942 | _cBOOK | ||
| 980 | _aNB | ||